000
00180nam a22000857a 4500
082
_a
621.313LIS
100
_a
Lister Eugene C
245
_a
Electric circuits and machines
942
_c
BK
999
_c
15215
_d
15215